| 000 | 00555nam a2200229Ia 4500 | ||
|---|---|---|---|
| 003 | OSt | ||
| 005 | 20220516123920.0 | ||
| 008 | 210210b2017 xxu||||| |||| 00| 0 eng d | ||
| 040 |
_aAL _c |
||
| 041 | _aeng | ||
| 082 | _a657.46 RAOB | ||
| 100 |
_aRAO (Sadashiva K) _937293 |
||
| 245 | _aBusiness taxation III and IV 2017-18 | ||
| 250 | _a19 Rev. | ||
| 260 |
_aUdupi _bSushrutha Books _c2017 |
||
| 300 | _a522 | ||
| 650 |
_ataxation _937294 |
||
| 690 |
_aIncome Tax _937295 |
||
| 700 |
_aGANESH (Y) _937296 |
||
| 906 | _a071574 | ||
| 942 |
_2ddc _cBK |
||
| 999 |
_c121288 _d121288 |
||